Growing Cities in the United States - Statistics

General Stats
  • This quiz has been taken 76 times
  • The average score is 18 of 20
Answer Stats
Population Population Gained State City % Correct
1,608,139 161,457 Arizona Phoenix
100%
1,304,379 106,707 Texas Dallas
98%
2,304,580 211,661 Texas Houston
98%
8,804,190 629,260 New York New York
97%
1,434,625 107,806 Texas San Antonio
97%
737,015 128,355 Washington Seattle
97%
961,855 159,993 Texas Austin
95%
918,915 174,115 Texas Fort Worth
95%
949,611 127,853 Florida Jacksonville
95%
681,054 100,560 Oklahoma Oklahoma City
95%
874,579 138,999 North Carolina Charlotte
93%
715,522 116,068 Colorado Denver
93%
3,898,747 105,541 California Los Angeles
93%
1,603,797 77,798 Pennsylvania Philadelphia
93%
905,748 116,741 Ohio Columbus
92%
689,447 85,982 Tennessee Nashville
92%
1,386,932 85,005 California San Diego
92%
689,545 87,778 N/A Washington
85%
307,670 95,545 California Irvine
45%
200,509 83,350 Texas Frisco
33%
No matching quizzes found
Score Distribution
Percent of People with Each Score
Percentile by Number Answered
Your Score History
You have not taken this quiz